000 00293nam a22001217a 4500
008 180806b xxu||||| |||| 00| 0 eng d
082 _a813.52
245 _aProduktdatenmodellierung in der Praxis
_cSCHICHTEL.M
260 _c2002
300 _a1
_fCD
440 _x3446218572
942 _2ddc
_cMX
999 _c46851
_d46851